Campeones actuales de la UFC - Estadísticas

Estadísticas generales
  • Esta prueba ha sido intentada 137 veces
    99 desde el último reinicio
  • La puntuación promedio es 8 de 11
Estadísticas de respuestas
División Campeón % Correcto
Ligero Ilia Topuria
99%
Semipesado Alex Pereira
90%
Pesado Tom Aspinall
86%
Pluma Alexander Volkanovski
84%
Mediano Khamzat Chimaev
83%
Mosca Alexandre Pantoja
77%
Wélter Jack Della Maddalena
73%
Gallo Merab Dvalishvili
64%
Mosca femenino Valentina Shevchenko
46%
Paja femenino Zhang Weili
36%
Gallo femenino Kayla Harrison
32%
No se encontraron pruebas coincidentes
Distribución de puntuación
Porcentaje de gente con cada puntuación
Porcentaje por número respondido
Historial de tus puntuaciones
No has intentado esta prueba desde el último reinicio